000
00339nam a2200145Ia 4500
008
221030s9999 xx 000 0 und d
041
_a
English
082
_a
105.23
100
_a
N. Vinogradov
245
0
_a
Electrical Machine Winder
_c
by N. Vinogradov
260
_b
MIR Pub.
_a
Moscow
_c
0
300
_a
400
650
_a
EE
942
_c
BK
999
_c
10398
_d
10398